| LDR | | 00000nmm u2200205 4500 |
| 001 | | 000000331584 |
| 005 | | 20241119153701 |
| 008 | | 181129s2018 ||| | | | eng d |
| 020 | |
▼a 9780438374867 |
| 035 | |
▼a (MiAaPQ)AAI10930913 |
| 035 | |
▼a (MiAaPQ)miami:11744 |
| 040 | |
▼a MiAaPQ
▼c MiAaPQ
▼d 248032 |
| 049 | 1 |
▼f DP |
| 082 | 0 |
▼a 780 |
| 100 | 1 |
▼a Robertson, Harley. |
| 245 | 12 |
▼a A Proposed Curriculum For A University Level Performance Based Seminar Using Works From Selected Caribbean Territories. |
| 260 | |
▼a [S.l.] :
▼b University of Miami.,
▼c 2018 |
| 260 | 1 |
▼a Ann Arbor :
▼b ProQuest Dissertations & Theses,
▼c 2018 |
| 300 | |
▼a 159 p. |
| 500 | |
▼a Source: Dissertation Abstracts International, Volume: 80-02(E), Section: A. |
| 500 | |
▼a Adviser: Brian Powell. |
| 502 | 1 |
▼a Thesis (D.M.A.)--University of Miami, 2018. |
| 520 | |
▼a Considerable work has been geared toward creating music curricula at the university level. A significant number of such courses have often been developed with the intent of providing students with academic and practical knowledge of music. Withi |
| 590 | |
▼a School code: 0125. |
| 650 | 4 |
▼a Music. |
| 690 | |
▼a 0413 |
| 710 | 20 |
▼a University of Miami.
▼b Instrumental Performance. |
| 773 | 0 |
▼t Dissertation Abstracts International
▼g 80-02A(E). |
| 773 | |
▼t Dissertation Abstract International |
| 790 | |
▼a 0125 |
| 791 | |
▼a D.M.A. |
| 792 | |
▼a 2018 |
| 793 | |
▼a English |
| 856 | 40 |
▼u http://www.riss.kr/pdu/ddodLink.do?id=T15001005
▼n KERIS |
| 980 | |
▼a 201812
▼f 2019 |
| 990 | |
▼a 관리자
▼b 관리자 |